000 00583nam a2200205 a 4500
001 26665
003 CO-ViMGA
008 141112s2004 ck r 000 u spa d
020 _a9789706439857
040 _aCO-ViMGA
_bspa
_cCO-ViMGA
090 _aML GUDc
100 1 _aGudule
_93737
245 1 0 _aCuentos y leyendas de terror /
_cGudule ; traducción Leticia Alvaradejo
260 _aMéxico :
_bSelector,
_c2007
300 _a192 p. ; il. ; 19 cm
490 0 _aMemorias del mundo
650 1 4 _aLeyendas europeas
_93738
650 1 4 _aLiteratura infantil
_92746
942 _2ddc
_cBK
999 _c10015
_d10015